000 01855nam a2200337 i 4500
003 EG-GICUC
005 20260425181235.0
008 260425s20052006ua d|||fr|||| 00| 0 ara d
017 _a5805 - 16/3/2005
040 _a EG-GICUC
_bara
_c EG-GICUC
_d EG-GICUC
_erda
041 0 _aAra
082 0 4 _221
_a343.42107
_bم و
092 0 4 _221
099 _aLaw1 10 343.42107 م و 2005
245 0 2 _aالموسوعة الجنائية فى الدفوع بقضايا المخدرات معلقا عليها بأحكام محكمة النقض من سنة 1931 حتى سنة 2004 ومذيلة بالنصوص القانونية المعدلة والجداول الملحقة والقرارات الوزارية.
_nالكتاب الأول،
_pالدفوع المتعلقة ب(كمية المادة المخدرة - وزن المادة المخدرة - تحليل المادة المخدرة - تحريز المادة المخدرة - بطلان إذن النيابة العامة - بطلان التفتيش) /
_bإعداد الأستاذ كمال سامى لويس، الأستاذ سامى كمال سامى.
250 _aالطبعة الأولى
264 1 _aالقاهرة :
_bالمصرية للإصدارات القانونية،
_c2005.
300 _a592 صفحة:
_b ؛جداول
_c24 سم.
336 _2rda content
_atext
337 _2rda media
_aComputer
338 _2rda carrier
_aOnline Resource
546 _aالنص باللغة العربية
650 1 _aالتشريعات المتعلقة بالمخدرات
_xأحكام النقض
_2qrmak
650 1 _aالقانون الجنائى
_2qrmak
651 1 _2qrmak
700 0 _aكمال سامى لويس
_eمعد.
700 0 _aسامى كمال سامى
_eمعد.
856 4 0 _uhttps://fll.law.cu.edu.eg/fulltext/bks/B10-10748.pdf
905 _a54
942 _2ddc
_cBK
_e21
_n0
999 _c73327
_d73327